| 000 | 00528nam a22001697a 4500 | ||
|---|---|---|---|
| 999 |
_c18131 _d18131 |
||
| 008 | 191217b xxu||||| |||| 00| 0 eng d | ||
| 020 | _a1842054112 | ||
| 040 |
_aKABU _cKABU |
||
| 050 |
_aPZ7 _b.C37 2004 c. 1 |
||
| 100 | _aCarroll, Lewis | ||
| 245 |
_aAlice's adventures in wonderland and through the looking-glass and what Alice found there _cLewis Carroll |
||
| 260 |
_aScotland _bGeddes & Grosset _c2004 |
||
| 300 | _a174 p. | ||
| 650 | _aChildren's stories, English | ||
| 650 | _aFantasy | ||
| 942 |
_2lcc _cBK _hPZ7 |
||